|
|
|
|
| LEADER |
00824nab a2200169 i 4500 |
| 001 |
univ54050 |
| 005 |
20200512093521.0 |
| 008 |
200512s2020 hu o 0|| zxx d |
| 040 |
|
|
|a SZTE UnivHistória Repozitórium
|b hun
|
| 041 |
|
|
|a zxx
|
| 100 |
1 |
|
|a Balogh Gergő
|
| 245 |
1 |
0 |
|a Holnaptól a szegedi 2. sz. Rendelőintézetben tesztel az SZTE
|h [elektronikus dokumentum] /
|c Balogh Gergő
|
| 260 |
|
|
|c 2020-05-11
|
| 490 |
0 |
|
|a Szegeder.hu
|
| 561 |
|
|
|a Egyetemi hirarchívum
|
| 695 |
|
|
|a Járvány - koronavírus, Koronavírus teszt - országos szűrővizsgálat, Szent-Györgyi Albert Klinikai Központ - SZAKK - II. sz. Szakorvosi Rendelő, Lengyel Csaba - centrumelnök
|
| 856 |
4 |
0 |
|u http://univ.bibl.u-szeged.hu/54050/1/Holnapt%C3%B3l%20a%20szegedi%202.%20sz.%20Rendel%C5%91int%C3%A9zetben%20tesztel%20az%20SZTE.pdf
|z Dokumentum-elérés
|